<?xml version="1.0" encoding="UTF-8"?>
<record
    xmlns:xsi="http://www.w3.org/2001/XMLSchema-instance"
    xsi:schemaLocation="http://www.loc.gov/MARC21/slim http://www.loc.gov/standards/marcxml/schema/MARC21slim.xsd"
    xmlns="http://www.loc.gov/MARC21/slim">

  <leader>01989nab a2200265 a 4500</leader>
  <controlfield tag="005">20250206130658.0</controlfield>
  <controlfield tag="007">ta</controlfield>
  <controlfield tag="008">250206e2025    dr mr|p|r||||||0| | spa d</controlfield>
  <datafield tag="022" ind1=" " ind2=" ">
    <subfield code="a">2078-4929</subfield>
  </datafield>
  <datafield tag="040" ind1=" " ind2=" ">
    <subfield code="a">DO-SdBNP</subfield>
    <subfield code="c">DO-SdBNP</subfield>
    <subfield code="e">rda</subfield>
  </datafield>
  <datafield tag="041" ind1=" " ind2=" ">
    <subfield code="h">spa</subfield>
  </datafield>
  <datafield tag="245" ind1=" " ind2=" ">
    <subfield code="a">Arquitectura y turismo : </subfield>
    <subfield code="b">pilares del desarrollo sostenible de la Rep&#xFA;blica Dominicana /</subfield>
    <subfield code="c">Arquitexto.</subfield>
  </datafield>
  <datafield tag="264" ind1=" " ind2=" ">
    <subfield code="a">Santo Domingo, Rep&#xFA;blica Dominicana : </subfield>
    <subfield code="b">Arquitexto, </subfield>
    <subfield code="c">2025.</subfield>
  </datafield>
  <datafield tag="300" ind1=" " ind2=" ">
    <subfield code="a">p&#xE1;gina 1 : </subfield>
    <subfield code="b">ilustraciones, fotograf&#xED;as ; </subfield>
    <subfield code="c">27 cm.</subfield>
  </datafield>
  <datafield tag="336" ind1=" " ind2=" ">
    <subfield code="a">texto</subfield>
    <subfield code="b">txt</subfield>
    <subfield code="2">rdacontent</subfield>
  </datafield>
  <datafield tag="337" ind1=" " ind2=" ">
    <subfield code="a">sin mediaci&#xF3;n </subfield>
    <subfield code="b">n</subfield>
    <subfield code="2">rdamedia</subfield>
  </datafield>
  <datafield tag="338" ind1=" " ind2=" ">
    <subfield code="a">volumen</subfield>
    <subfield code="b">nc</subfield>
    <subfield code="2">rdacarrier</subfield>
  </datafield>
  <datafield tag="362" ind1=" " ind2=" ">
    <subfield code="a">A&#xF1;o 39, N&#xFA;mero 125, (enero, 2025).</subfield>
  </datafield>
  <datafield tag="521" ind1=" " ind2=" ">
    <subfield code="a">Arquitexto celebra con orgullo su edici&#xF3;n n&#xFA;mero 125, un logro trascendental que refleja casi cuatro d&#xE9;cadas de compromiso con la arquitectura y el dise&#xF1;o. En esta ocasi&#xF3;n especial, dedicamos nuestras p&#xE1;ginas a uno de los sectores m&#xE1;s din&#xE1;micos de la econom&#xED;a dominicana: el turismo. Desde los a&#xF1;os setenta, en la Rep&#xFA;blica Dominicana la concepci&#xF3;n del desarrollo tur&#xED;stico basado en &#xAB;polos&#xBB; ha evolucionado hacia un concepto m&#xE1;s integral, el de &#xAB;destino&#xBB;. Hoy, el territorio completo se perfila como un destino &#xFA;nico, donde cada rinc&#xF3;n ofrece una experiencia tur&#xED;stica &#xFA;nica. Esta edici&#xF3;n aborda la arquitectura tur&#xED;stica de la Rep&#xFA;blica Dominicana desde m&#xFA;ltiples enfoques, en particular la planificaci&#xF3;n, el dise&#xF1;o y la sostenibilidad como pilares del desarrollo tur&#xED;stico y del liderazgo del pa&#xED;s en el Caribe.</subfield>
  </datafield>
  <datafield tag="650" ind1=" " ind2="0">
    <subfield code="a">Turismo</subfield>
    <subfield code="z">Caribe (Regi&#xF3;n) Rep&#xFA;blica Dominicana</subfield>
    <subfield code="v">Publicaciones peri&#xF3;dicas</subfield>
    <subfield code="9">63967</subfield>
  </datafield>
  <datafield tag="650" ind1=" " ind2="0">
    <subfield code="a">Desarrollo social</subfield>
    <subfield code="z">Rep&#xFA;blica Dominicana</subfield>
    <subfield code="v">Publicaciones peri&#xF3;dicas</subfield>
    <subfield code="9">7783</subfield>
  </datafield>
  <datafield tag="773" ind1="0" ind2=" ">
    <subfield code="0">36884</subfield>
    <subfield code="9">320461</subfield>
    <subfield code="a">Arquitexto</subfield>
    <subfield code="o">2025-0797</subfield>
    <subfield code="t">Arquitexto. :</subfield>
    <subfield code="w">(DO-SdBNP)000037394</subfield>
    <subfield code="x">2078-4929</subfield>
  </datafield>
  <datafield tag="856" ind1=" " ind2=" ">
    <subfield code="u">https://arquitexto.com/2025/01/arquitectura-y-turismo-pilares-del-desarrollo-sostenible-de-la-republica-dominicana/</subfield>
  </datafield>
  <datafield tag="942" ind1=" " ind2=" ">
    <subfield code="2">ddc</subfield>
    <subfield code="c">ISSUE</subfield>
  </datafield>
  <datafield tag="999" ind1=" " ind2=" ">
    <subfield code="c">58102</subfield>
    <subfield code="d">58102</subfield>
  </datafield>
</record>
